| LEADER |
01060nam0a2200205 450 |
| 001 |
16840650 |
| 010 |
|
|
|a 978-2-36902-155-1
|b rel.
|d 18
|
| 100 |
|
|
|a 20221014d2022 u u0frey01 ba
|
| 101 |
0 |
|
|a fre
|
| 102 |
|
|
|a FR
|
| 200 |
0 |
|
|a Photo de famille
|f Chloé Millet, Delphine Jacquot
|g illustrations Delphine Jacquot
|
| 207 |
|
1 |
|a
|
| 210 |
|
|
|a [Montreuil]
|c les Fourmis rouges
|d 2022
|
| 215 |
|
|
|a 1 vol. (non paginé [26] p.)
|c ill. en coul.
|d 24 x 30 cm
|
| 330 |
|
|
|a Diego, un Ara Macao, a invité ses cousins du monde entier pour fêter son anniversaire : il a quatre-vingts ans cette année ! Après le banquet, tout le monde se rassemble pour la traditionnelle photo de famille. Mais ce n'est pas une mince affaire... Quelle pagaille chez les oiseaux ! Une histoire ludique pour découvrir les oiseaux des quatre coins de la planète.
|
| 700 |
|
0 |
|a Millet
|b Chloé
|4 70
|
| 701 |
|
0 |
|a Jacquot
|b Delphine
|f 1982-....
|4 70
|
| 900 |
|
|
|a Album
|
| 901 |
|
|
|a Accessible au prêt
|
| 995 |
|
|
|a Bibliothèque
|c Bibliothèque
|f 024022990
|h 024022990
|k A MIL
|o p
|q j
|r az
|e Bibliothèque
|